| 000 -ლიდერი |
| ფიქსირებული სიგრძის საკონტროლო ველი |
01991nam a2200301Ia 4500 |
| 001 - საკონტროლო ნომერი |
| საკონტროლო ველი |
12246 |
| 003 - საკონტროლო ნომრის იდენტიფიკატორი |
| საკონტროლო ველი |
GE_BSU |
| 005 - ბოლო ოპერაციის თარიღი და დრო |
| საკონტროლო ველი |
20240704165507.0 |
| 008 - ფიქსირებული სიგრძის მონაცემთა ელემენტები - ზოგადი ინფორმაცია |
| ფიქსირებული სიგრძის საკონტროლო ველი |
181216s2014||||geo|||||||||||||| ||ge || |
| 020 ## - წიგნის საერთაშორისო სტანდარტული ნომერი |
| International Standard Book Number |
9789941071249 |
| 040 ## - კატალოგიზაციის წყარო |
| Transcribing agency |
GE_BSU |
| 041 ## - ენის კოდი |
| Language code of text/sound track or separate title |
geo |
| 080 ## - უნივერსალური ათობითი კლასიფიკაციის ინდექსი |
| Universal Decimal Classification number |
94(560)+32(560) მ-26 |
| 100 ## - მთავარი ჩანაწერი - პიროვნების სახელი |
| Personal name |
მანჩხაშვილი, მაია |
| 9 (RLIN) |
13885 |
| 245 ## - ცნობა სათაურის შესახებ |
| Title |
ქემალიზმი და დემოკრატიზაცია თურქეთში : |
| Remainder of title |
[ქემალ ათათურქის პრინციპები] / |
| Statement of responsibility, etc |
მაია მანჩხაშვილი, ემზარ მაკარაძე ; სამეცნ. რედ. : ზურაბ დავითაშვილი, სალომე დუნდუა ; გამომც.-რედ. ნუგზარ ჭიაბერაშვილი. |
| 264 ## - წარმოების, გამოცემის, დისტრიბუციის და სხვა ცნობები |
| გამოცემის, წარმოების, დისტრიბუციის... ადგილი |
თბილისი : |
| გამოცემის, წარმოების, დისტრიბუციის... სახელწოდება |
საგამომცემლო სახლი ქართული ელიტა, |
| გამოცემის, წარმოების, დისტრიბუციის... თარიღი |
2014. |
| 300 ## - ფიზიკური აღწერა |
| Extent |
72 გვ. ; |
| Other physical details |
სურ. ; |
| Dimensions |
20 სმ. |
| 504 ## - BIBLIOGRAPHY, ETC. NOTE |
| Bibliography, etc |
ბიბლიოგრ. : გვ. 66-72
|
| 653 ## - INDEX TERM--UNCONTROLLED |
| Uncontrolled term |
ქემალიზმი და დემოკრატიზაცია თურქეთში |
| 653 ## - INDEX TERM--UNCONTROLLED |
| Uncontrolled term |
ქემალ ათათურქი, მ., 1880-1938 (მუსტაფა) |
| 653 ## - INDEX TERM--UNCONTROLLED |
| Uncontrolled term |
თურქეთის საშინაო პოლიტიკა |
| 653 ## - INDEX TERM--UNCONTROLLED |
| Uncontrolled term |
დემოკრატია თურქეთში |
| 653 ## - INDEX TERM--UNCONTROLLED |
| Uncontrolled term |
ქემალიზმი |
| 700 ## - ADDED ENTRY--PERSONAL NAME |
| Personal name |
დავითაშვილი, ზ. (ზურაბ) |
| Relator term |
სამეცნიერო რედაქტორი |
| 9 (RLIN) |
13887 |
| 700 ## - ADDED ENTRY--PERSONAL NAME |
| Personal name |
დუნდუა, ს. (სალომე) |
| Relator term |
სამეცნიერო რედაქტორი |
| 9 (RLIN) |
22720 |
| 700 ## - ADDED ENTRY--PERSONAL NAME |
| Personal name |
ჭიაბერაშვილი, ნ. (ნუგზარ) |
| Relator term |
გამომცემლობის-რედაქტორი |
| 9 (RLIN) |
22721 |
| 942 ## - ADDED ENTRY ELEMENTS (KOHA) |
| Koha item type |
წიგნი |
| Source of classification or shelving scheme |
|